000 00496cam a22001337a 4500
008 180718b1966 xxu||||| |||| 00| 0 eng d
082 _aH103x54 In2/1964
100 _aIndia. Joint Committee on the Judges (Inquiry) Bill)
245 _aThe Judges (Inquiry) Bill, 1964: Report of the Joint Committee
_cby Lok Sabha Secretariat
260 _aNew Delhi
_bLok Sabha Secretariat
_c1966
300 _a30p.
500 _aChairman: S.V. Krishnamoorthy Rao
700 _aKrishnamuoorthy Rao, S.V. ( Chairman)
999 _c489235
_d489235